000 00715nam a2200217 i 4500
001 45904
003 ES-MaACL
005 20230906161309.0
007 t|
008 030327s1968 sp ||||1| spa d
110 2 _aComision para el Estudio del Alcoholismo en Vizcaya (Bilbao)
_9154260
245 1 0 _aComisión para el estudio del alcoholismo en Vizcaya
_b: Bilbao, enero 1968.
260 _aBilbao :
_bAcademia de Ciencias Médicas,
_c1968.
300 _a118 p. ;
_c24 cm.
490 1 _aPublicación ;
_v1
650 0 4 _aAlcoholismo.
_99712
710 2 _aAcademia de Ciencias Médicas (Bilbao)
_91171
830 0 _aPublicación ;
_v1
_9182082
852 _aES-MaACL
_jP-1578
_bR.72538
999 _c45904
_d45904